Automobile Engineering / (Record no. 4219)
[ view plain ]
| 000 -LEADER | |
|---|---|
| fixed length control field | 01232nac a22002291u 4500 |
| 008 - FIXED-LENGTH DATA ELEMENTS--GENERAL INFORMATION | |
| fixed length control field | 100915t xxu||||| |||| 00| 0 eng d |
| 020 ## - INTERNATIONAL STANDARD BOOK NUMBER | |
| International Standard Book Number | 8176843598 (Vol.3) |
| 020 ## - INTERNATIONAL STANDARD BOOK NUMBER | |
| International Standard Book Number | 8176843512 (Vol.1) |
| 020 ## - INTERNATIONAL STANDARD BOOK NUMBER | |
| International Standard Book Number | 8176843520 (Vol.2) |
| 082 ## - DEWEY DECIMAL CLASSIFICATION NUMBER | |
| Classification number | 629.23 |
| Item number | CHH |
| 100 ## - MAIN ENTRY--PERSONAL NAME | |
| Personal name | Chhikara, Anil |
| 9 (RLIN) | 19254 |
| 245 ## - TITLE STATEMENT | |
| Title | Automobile Engineering / |
| Statement of responsibility, etc | Anil Chhikara |
| 250 ## - EDITION STATEMENT | |
| Edition statement | 3rd ed. |
| Remainder of edition statement | Revised & covering latest technologies |
| 260 ## - PUBLICATION, DISTRIBUTION, ETC. (IMPRINT) | |
| Place of publication, distribution, etc | New Delhi: |
| Name of publisher, distributor, etc | Satya Prakashan,2006 |
| Date of publication, distribution, etc | 2006 |
| 300 ## - PHYSICAL DESCRIPTION | |
| Extent | 3 v. : |
| Other physical details | ill.; |
| Dimensions | 23 cm. |
| 505 ## - FORMATTED CONTENTS NOTE | |
| Formatted contents note | Vol.1: Engine System -- Vol.2: Power Transmission -- Vol.3: Automobile Marketing and Workshop Techniques |
| 650 ## - SUBJECT ADDED ENTRY--TOPICAL TERM | |
| Topical term or geographic name as entry element | Automobiles |
| 9 (RLIN) | 19247 |
| General subdivision | Design and construction. |
| 942 ## - ADDED ENTRY ELEMENTS (KOHA) | |
| Item type | Book - Borrowing |
| Call number prefix | 629.23CHH |
| Source of classification or shelving scheme | Dewey Decimal Classification |
| Withdrawn status | Item status | Source of classification or shelving scheme | Damaged status | Not for loan | Vendor | Home library | Current library | Shelving location | Date acquired | Source of acquisition | Total Checkouts | Full call number | Barcode | Date last seen | Date last borrowed | Koha item type | Public note | Total Renewals |
|---|---|---|---|---|---|---|---|---|---|---|---|---|---|---|---|---|---|---|
| Dewey Decimal Classification | Central Library | Central Library | First floor | 15/09/2010 | 1 | 629.23 CHH | 000000143 | 15/07/2025 | 11/07/2012 | Book - Borrowing | Vol.3 | |||||||
| Dewey Decimal Classification | Central Library | Central Library | First floor | 15/09/2010 | 2 | 629.23 CHH | 000000145 | 15/07/2025 | 25/05/2015 | Book - Borrowing | Vol.1 | 13 | ||||||
| Dewey Decimal Classification | Central Library | Central Library | First floor | 15/09/2010 | 3 | 629.23 CHH | 000000144 | 15/07/2025 | 29/11/2014 | Book - Borrowing | Vol.2 | 6 |